|
|
|
|
| LEADER |
01012nam a2200241 a 4500 |
| 001 |
4454813 |
| 008 |
101202r1996 caua d 000 0 eng d |
| 010 |
|
|
|a 95069363
|
| 020 |
|
|
|a 8170297303
|
| 020 |
|
|
|a 0782116841
|
| 040 |
|
|
|a DLC
|c DLC
|d DLC
|d BD-DhAAL
|
| 082 |
0 |
0 |
|a 004.16/03
|2 20
|
| 100 |
1 |
|
|a Dyson, Peter John.
|
| 245 |
1 |
4 |
|a The PC user's essential accessible pocket dictionary /
|c Peter Dyson.
|
| 250 |
|
|
|a 2nd ed.
|
| 260 |
|
|
|a San Francisco :
|b Sybex ;
|a New Delhi :
|b BPB Publications,
|c 1996. [Reprinted]
|
| 300 |
|
|
|a xii, 643 p. :
|b ill. ;
|c 18 cm.
|
| 541 |
|
|
|e 00006599
|
| 650 |
|
0 |
|a Computers
|x Dictionaries.
|
| 852 |
4 |
|
|a Ayesha Abed Library
|j General shelf
|
| 999 |
|
|
|c 10147
|d 10147
|
| 952 |
|
|
|0 0
|1 0
|2 ddc
|4 0
|6 004_160300000000000_PCU
|7 0
|9 13445
|a BRACUL
|b BRACUL
|c GEN
|d 2010-12-06
|l 0
|o 004.1603 PCU
|p 3010006599
|r 2010-12-06
|t 1
|w 2010-12-06
|y BK
|
| 952 |
|
|
|0 0
|1 0
|2 ddc
|4 0
|6 004_160300000000000_PCU
|7 0
|9 15845
|a BRACUL
|b BRACUL
|c GEN
|d 2011-03-24
|l 4
|m 42
|o 004.1603 PCU
|p 3010006665
|r 2026-04-12
|s 2025-10-22
|t 2
|w 2011-03-24
|y BK
|